000
00375nam a2200145Ia 4500
008
231129s1997||||xx |||||||||||||| ||spa||
020
_a
958-04-3896-2
040
_b
spa
082
_a
709.04033 V486f
100
_a
Verdone Mario
245
0
_a
El futurismo
260
_c
1997
264
_a
Bogotá Colombia : Norma
942
_2
ddc
_c
BKS
999
_c
11118
_d
11118